000 00847cam a2200205 4500
001 WB3818-17
008 020516n2002 000 0 eng u
035 _a(Sirsi) u117983
245 _aRace equality
260 _c2002
490 _aInside Housing
_v 10 May 2002, 5(1)
520 _aChair of the Race and Housing Inquiry Leroy Phillips says it will take up to three years for housing associations to come up to standard on racial equality issues. New code of practice is aimed at RSLs to deliver the Housing Corporation's standards on equality. For the equality code: http://www.housing.org.uk/uploads/documents/7/race_code.pdf
590 _aWB
650 _aRACE AND HOUSE INQUIRY
650 _aHOUSING ASSOCIATIONS
650 _aRACIAL EQUALITY
650 _aHOUSING CORPORATION
690 _aAffordable housing
_96215
942 _n0
999 _c70267
_d70267